Hazbin Hotel | Loser, Baby Lyrics - Statistics

General Stats
  • This quiz has been taken 62 times
  • The average score is 232 of 303
Answer Stats
Hint Answer % Correct
a
97%
A
97%
bad
97%
Husk So
97%
the
97%
things
97%
who
97%
you
97%
your
97%
Your
97%
against
94%
an
94%
and
94%
Husk And
94%
look
92%
wall...
92%
can
89%
ho?
89%
I
89%
lose
89%
Loser,
89%
loser
89%
loser,
89%
to
89%
To
89%
baby
86%
baby.
86%
Husk Baby
86%
baby,
86%
backs
86%
Husk Go
86%
me
86%
me!
86%
me.
86%
seems
86%
whole
86%
fuckin'
83%
is
83%
just
83%
like
83%
think
83%
up
83%
You're
83%
you're...
83%
bathroom
81%
feel
81%
got
81%
hope
81%
that
81%
what?
81%
at
78%
but
78%
But
78%
existence
78%
let
78%
make
78%
my
78%
no
78%
on!
78%
on
78%
power
78%
power.
78%
shit
78%
soul,
78%
soul
78%
we
78%
be
75%
bitch.
75%
fucked
75%
hopeless.
75%
it
75%
life
75%
say
75%
sold
75%
stall.
75%
Angel Wait,
75%
way,
75%
world
75%
bottom
72%
bottom,
72%
by
72%
Can't
72%
Correct!
72%
face
72%
find!
72%
for
72%
gamblin'
72%
Angel Hey!
72%
I'm
72%
im
72%
lost
72%
rock
72%
sing
72%
thats
72%
toy
72%
whiny
72%
asshole.
69%
bar
69%
deflower!
69%
dopeless..
69%
dummy!
69%
feeling
69%
filthy
69%
fine
69%
freak.
69%
holes
69%
in
69%
in,
69%
little
69%
one
69%
save
69%
sex
69%
song!
69%
together
69%
wrecked.
69%
better?
67%
company.
67%
dive
67%
Both Eat
67%
end
67%
every
67%
Get
67%
goddamn
67%
its
67%
Husk It's
67%
know
67%
left
67%
not
67%
samplin'
67%
supposed
67%
Angel Thanks,
67%
Angel This
67%
time
67%
We're
67%
all
64%
alone!
64%
appetite
64%
are!
64%
could
64%
damaged.
64%
drug
64%
honey
64%
relate.
64%
sober
64%
star
64%
straight!
64%
Husk There
64%
thought
64%
was
64%
Well
64%
will
64%
both
61%
here,
61%
hour!
61%
leash
61%
least
61%
losers,
61%
makes
61%
Both Now
61%
psychopathic
61%
reviews-er
61%
sandwich.
61%
suckin'
61%
unique?
61%
ahead
58%
demon's
58%
dick
58%
differently.
58%
down,
58%
gets
58%
if
58%
loose
58%
man!
58%
maybe
58%
okay
58%
only
58%
same
58%
ways
58%
which
58%
with
58%
worse
58%
You've
58%
Angel Coked
56%
come
56%
Come
56%
gruesome
56%
living
56%
sometimes
56%
screws
53%
self
53%
set
53%
trapped
53%
walls
53%
lettin'
50%
outta
47%
schmoozer
42%
card
39%
excuse
39%
yourself
39%
loathin'
36%
play
36%
No matching quizzes found
Score Distribution
Percent of People with Each Score
Percentile by Number Answered
Your Score History
You have not taken this quiz